000 01759nam a22002777a 4500
999 _c58220
_d58220
003 Ge_BSU
005 20210923110251.0
008 210921s2021 ge ||||| |||| 00| 0 geo d
020 _a9789941330148
041 _ageo
080 _a336.71+005+330.13.7 ღ-83
100 _aღოღობერიძე, თამარ
_93192
245 _aეფექტურ რისკ-მენეჯმენტზე მოქმედი ფაქტორების სრულყოფის გზები თანამედროვე საბანკო სისტემაში /
_cთამარ ღოღობერიძე, ლელა ონიანი, ასიე ცინცაძე; რედ. : ვლადიმერ ღლონტი; ბათუმის შოთა რუსთაველის სახელმწიფო უნივერსიტეტი.
264 _aთბილისი :
_bუნივერსალი,
_c2021.
300 _a191 გვ.
_b21 სმ.
501 _aდანართი გვ. 171-191
504 _aბიბლიოგრ. გვ. 156-170
653 _aეკონომიკა
653 _aთანამედროვე საბანკო სისტემა
653 _aრისკ-მენეჯმენტი
700 _aონიანი, ლელა
_eავტორი
_93193
700 _aცინცაძე, ასიე
_eავტორი
_912504
700 _aღლონტი, ვლადიმერ
_eრედაქტორი
_9907
710 _aბათუმის შოთა რუსთაველის სახელმწიფო უნივერსიტეტი
_912505
942 _2udc
_cBK